Online Catalogue and eLibrary

The politics of affirmative action : (Record no. 527)

MARC details
000 -LEADER
fixed length control field 00879cam a2200253 a 4500
001 - CONTROL NUMBER
control field 1638006
005 - DATE AND TIME OF LATEST TRANSACTION
control field 20240301020223.0
008 - FIXED-LENGTH DATA ELEMENTS--GENERAL INFORMATION
fixed length control field 960827s1996 enk b 001 0 eng d
020 ## - INTERNATIONAL STANDARD BOOK NUMBER
ISBN 0803987927
020 ## - INTERNATIONAL STANDARD BOOK NUMBER
ISBN 0803987935 (pbk.)
040 ## - CATALOGING SOURCE (பட்டியலாக்க மூலம்)
Original cataloging agency OTU
Transcribing agency OTU
Modifying agency DLC
082 ## - DDC Classification
DDC Edition Number 22
Class No. 323.
Item Number - Author Mark THE.
100 1# - MAIN ENTRY--PERSONAL NAME
Personal name Bacchi, Lee Carol .
245 14 - TITLE STATEMENT
Title The politics of affirmative action :
Remainder of title 'women,' equality and category politics /
Statement of responsibility, etc. Carol Lee Bacchi.
260 ## - PUBLICATION, DISTRIBUTION, ETC.
Place of publication, distribution, etc. London ;
-- Thousand Oaks, Calif. :
Name of publisher, distributor, etc. Sage Publications,
Date of publication, distribution, etc. 1996.
300 ## - PHYSICAL DESCRIPTION
Extent (e.g. Volumes, Pages etc.) xv, 190 p. ;
650 #0 - SUBJECT ADDED ENTRY--TOPICAL TERM
Topical term or geographic name entry element Affirmative action programs
650 #0 - SUBJECT ADDED ENTRY--TOPICAL TERM
Topical term or geographic name entry element Sex discrimination in employment.
650 #0 - SUBJECT ADDED ENTRY--TOPICAL TERM
Topical term or geographic name entry element Categorization (Psychology)
650 #0 - SUBJECT ADDED ENTRY--TOPICAL TERM
Topical term or geographic name entry element Feminist theory.
856 42 - ELECTRONIC LOCATION AND ACCESS
Uniform Resource Identifier <a href="http://www.loc.gov/catdir/enhancements/fy0656/96070154-d.html">http://www.loc.gov/catdir/enhancements/fy0656/96070154-d.html</a>
856 41 - ELECTRONIC LOCATION AND ACCESS
Uniform Resource Identifier <a href="http://www.loc.gov/catdir/enhancements/fy0656/96070154-t.html">http://www.loc.gov/catdir/enhancements/fy0656/96070154-t.html</a>
942 ## - Koha item type (Biblio)
Koha item type Books in Stacks (Lending)
Holdings
Lost status Damaged status Collection code Home library Current library Date acquired Full call number Accession Number Item type
    Lending WERC Library WERC Library 03/01/2024 323. THE. 4333 Books in Stacks (Lending)

© WERC Library